| 000 | 00728nam a22001937a 4500 | ||
|---|---|---|---|
| 005 | 20251108165029.0 | ||
| 008 | 250721s1973 xx 000 0 ara d | ||
| 082 | 1 | 4 | _aم/331.026565/هشا |
| 100 | 1 | _aهاشم، هشام رفعت | |
| 245 | 1 | 0 |
_aشرح قانون العمل الأردني : _bتشريع - فقه - قضاء : دراسة مقارنة على النصوص و الفقه و القضاء في الدول العربية و الأجنبية / |
| 264 | 1 |
_aعمان : _bمكتبة المحتسب، _c1973. |
|
| 300 | _a423ص. | ||
| 650 | 1 | 7 | _aالعمل و العمال |
| 650 | 1 | 7 | _aتشريعات العمل |
| 650 | 1 | 7 | _aالأردن |
| 650 | 1 | 7 | _aقانون العمل |
| 942 |
_2ddc _cBK |
||
| 999 |
_c20353 _d20353 |
||